<?xml version="1.0" encoding="UTF-8"?>
<record
    xmlns:xsi="http://www.w3.org/2001/XMLSchema-instance"
    xsi:schemaLocation="http://www.loc.gov/MARC21/slim http://www.loc.gov/standards/marcxml/schema/MARC21slim.xsd"
    xmlns="http://www.loc.gov/MARC21/slim">

  <leader>01923ncm0a2200373   4500</leader>
  <controlfield tag="001">RU\NLR\ONIZ\227860</controlfield>
  <controlfield tag="005">20250623233417.0</controlfield>
  <datafield tag="010" ind1=" " ind2=" ">
    <subfield code="a">978-5-93162-213-2</subfield>
  </datafield>
  <datafield tag="021" ind1=" " ind2=" ">
    <subfield code="a">RU</subfield>
    <subfield code="b">19-000647</subfield>
    <subfield code="9">19-&#x41D;&#x41E;-&#x41F;-47</subfield>
  </datafield>
  <datafield tag="035" ind1=" " ind2=" ">
    <subfield code="a">(NLR Aleph) 012234780</subfield>
  </datafield>
  <datafield tag="090" ind1=" " ind2=" ">
    <subfield code="a">11003756</subfield>
    <subfield code="c">11003756</subfield>
  </datafield>
  <datafield tag="100" ind1=" " ind2=" ">
    <subfield code="a">20200302d2019    |||y0rusy50      ca</subfield>
  </datafield>
  <datafield tag="101" ind1="0" ind2=" ">
    <subfield code="a">rus</subfield>
  </datafield>
  <datafield tag="102" ind1=" " ind2=" ">
    <subfield code="a">RU</subfield>
  </datafield>
  <datafield tag="125" ind1=" " ind2=" ">
    <subfield code="a">ax</subfield>
  </datafield>
  <datafield tag="200" ind1="1" ind2=" ">
    <subfield code="a">&#x41D;&#x435; &#x43F;&#x440;&#x43E;&#x441;&#x442;&#x438;&#x43C;&#x441;&#x44F; &#x441; &#x43B;&#x44E;&#x431;&#x43E;&#x432;&#x44C;&#x44E;</subfield>
    <subfield code="b">&#x41D;&#x43E;&#x442;&#x44B;</subfield>
    <subfield code="e">&#x446;&#x438;&#x43A;&#x43B; &#x440;&#x43E;&#x43C;&#x430;&#x43D;&#x441;&#x43E;&#x432; &#x43D;&#x430; &#x441;&#x442;&#x438;&#x445;&#x438; &#x41D;. &#x413;&#x443;&#x43C;&#x438;&#x43B;&#x451;&#x432;&#x430;</subfield>
    <subfield code="e">[&#x434;&#x43B;&#x44F; &#x433;&#x43E;&#x43B;&#x43E;&#x441;&#x430; &#x432; &#x441;&#x43E;&#x43F;&#x440;&#x43E;&#x432;&#x43E;&#x436;&#x434;&#x435;&#x43D;&#x438;&#x438; &#x444;&#x43E;&#x440;&#x442;&#x435;&#x43F;&#x438;&#x430;&#x43D;&#x43E; &#x438; &#x441; &#x431;&#x443;&#x43A;&#x432;&#x435;&#x43D;&#x43D;&#x43E;-&#x446;&#x438;&#x444;&#x440;&#x43E;&#x432;&#x44B;&#x43C; &#x43E;&#x431;&#x43E;&#x437;&#x43D;&#x430;&#x447;&#x435;&#x43D;&#x438;&#x435;&#x43C; &#x43F;&#x430;&#x440;&#x442;&#x438;&#x438; &#x441;&#x43E;&#x43F;&#x440;&#x43E;&#x432;&#x43E;&#x436;&#x434;&#x435;&#x43D;&#x438;&#x44F;]</subfield>
    <subfield code="f">&#x412;. &#x424;. &#x41A;&#x43E;&#x447;&#x435;&#x442;&#x43E;&#x432;</subfield>
  </datafield>
  <datafield tag="210" ind1=" " ind2=" ">
    <subfield code="a">&#x427;&#x435;&#x43B;&#x44F;&#x431;&#x438;&#x43D;&#x441;&#x43A;</subfield>
    <subfield code="c">&#x411;&#x438;&#x431;&#x43B;&#x438;&#x43E;&#x442;&#x435;&#x43A;&#x430; &#x410;. &#x41C;&#x438;&#x43B;&#x43B;&#x435;&#x440;&#x430;</subfield>
    <subfield code="d">2019</subfield>
  </datafield>
  <datafield tag="215" ind1=" " ind2=" ">
    <subfield code="a">122 &#x441;.</subfield>
    <subfield code="d">30 &#x441;&#x43C;</subfield>
  </datafield>
  <datafield tag="300" ind1=" " ind2=" ">
    <subfield code="a">&#x418;&#x437;&#x43B;&#x43E;&#x436;&#x435;&#x43D;&#x438;&#x435; &#x446;&#x438;&#x43A;&#x43B;&#x430; &#x434;&#x43B;&#x44F; &#x433;&#x43E;&#x43B;. &#x441; &#x431;&#x443;&#x43A;&#x432;.-&#x446;&#x438;&#x444;&#x440;. &#x43E;&#x431;&#x43E;&#x437;&#x43D;. &#x441;&#x43E;&#x43F;&#x440;&#x43E;&#x432;&#x43E;&#x436;&#x434;.: &#x441;. 5-36 ; &#x438;&#x437;&#x43B;&#x43E;&#x436;&#x435;&#x43D;&#x438;&#x435; &#x446;&#x438;&#x43A;&#x43B;&#x430; &#x434;&#x43B;&#x44F; &#x433;&#x43E;&#x43B;. &#x441; &#x444;&#x43F;.: &#x441;. 37-122</subfield>
  </datafield>
  <datafield tag="604" ind1=" " ind2=" ">
    <subfield code="1">700#1$a&#x413;&#x443;&#x43C;&#x438;&#x43B;&#x435;&#x432;$g&#x41D;&#x438;&#x43A;&#x43E;&#x43B;&#x430;&#x439; &#x421;&#x442;&#x435;&#x43F;&#x430;&#x43D;&#x43E;&#x432;&#x438;&#x447;$b&#x41D;. &#x421;.$f1886-1921</subfield>
    <subfield code="1">50010$a&#x41F;&#x43E;&#x44D;&#x437;&#x438;&#x44F; &#x432; &#x43C;&#x443;&#x437;&#x44B;&#x43A;&#x435;$x&#x41C;&#x443;&#x437;&#x44B;&#x43A;&#x430;&#x43B;&#x44C;&#x43D;&#x44B;&#x435; &#x438;&#x43D;&#x442;&#x435;&#x440;&#x43F;&#x440;&#x435;&#x442;&#x430;&#x446;&#x438;&#x438;$j&#x41D;&#x43E;&#x442;&#x44B;</subfield>
  </datafield>
  <datafield tag="686" ind1=" " ind2=" ">
    <subfield code="a">&#x429;943.4-043.2(2&#x420;=&#x420;)</subfield>
    <subfield code="v">LBC/SL</subfield>
    <subfield code="2">rubbk</subfield>
  </datafield>
  <datafield tag="700" ind1=" " ind2="1">
    <subfield code="9">z01790</subfield>
    <subfield code="a">&#x41A;&#x43E;&#x447;&#x435;&#x43A;&#x43E;&#x432;</subfield>
    <subfield code="b">&#x412;. &#x424;.</subfield>
    <subfield code="f">1949-</subfield>
    <subfield code="g">&#x412;&#x43B;&#x430;&#x434;&#x438;&#x43C;&#x438;&#x440; &#x424;&#x451;&#x434;&#x43E;&#x440;&#x43E;&#x432;&#x438;&#x447;</subfield>
    <subfield code="4">230</subfield>
    <subfield code="7">ca</subfield>
  </datafield>
  <datafield tag="702" ind1=" " ind2="1">
    <subfield code="9">z02790</subfield>
    <subfield code="a">&#x413;&#x443;&#x43C;&#x438;&#x43B;&#x451;&#x432;</subfield>
    <subfield code="b">&#x41D;. &#x421;.</subfield>
    <subfield code="f">1886-1921</subfield>
    <subfield code="g">&#x41D;&#x438;&#x43A;&#x43E;&#x43B;&#x430;&#x439; &#x421;&#x442;&#x435;&#x43F;&#x430;&#x43D;&#x43E;&#x432;&#x438;&#x447;</subfield>
    <subfield code="4">520</subfield>
    <subfield code="7">ca</subfield>
  </datafield>
  <datafield tag="790" ind1=" " ind2="1">
    <subfield code="9">z01700</subfield>
    <subfield code="a">Ko&#x10D;ekov</subfield>
    <subfield code="b">V.</subfield>
    <subfield code="g">Vladimir</subfield>
    <subfield code="4">230</subfield>
    <subfield code="7">ba</subfield>
  </datafield>
  <datafield tag="790" ind1=" " ind2="1">
    <subfield code="9">z02702</subfield>
    <subfield code="a">Gumiljov</subfield>
    <subfield code="b">N. S.</subfield>
    <subfield code="f">1886-1921</subfield>
    <subfield code="g">Nikolaj Stepanovi&#x10D;</subfield>
    <subfield code="4">520</subfield>
    <subfield code="7">ba</subfield>
  </datafield>
  <datafield tag="801" ind1=" " ind2="0">
    <subfield code="a">RU</subfield>
    <subfield code="b">NLR</subfield>
    <subfield code="c">20200302</subfield>
    <subfield code="g">PSBO</subfield>
  </datafield>
  <datafield tag="801" ind1=" " ind2="1">
    <subfield code="a">RU</subfield>
    <subfield code="b">NLR</subfield>
    <subfield code="c">20200302</subfield>
    <subfield code="2">rusmarc</subfield>
  </datafield>
  <datafield tag="801" ind1=" " ind2="2">
    <subfield code="a">RU</subfield>
    <subfield code="b">NLR</subfield>
    <subfield code="c">20201002</subfield>
  </datafield>
  <datafield tag="852" ind1=" " ind2=" ">
    <subfield code="a">NLR</subfield>
    <subfield code="b">&#x41C;</subfield>
    <subfield code="j">&#x41A;-3/30103</subfield>
    <subfield code="p">&#x41C;&#x41E;&#x42D; 2019-&#x41D;&#x41E;-&#x41F;-47/647</subfield>
    <subfield code="t">1</subfield>
  </datafield>
  <datafield tag="852" ind1=" " ind2=" ">
    <subfield code="a">NLR</subfield>
    <subfield code="b">&#x41C;</subfield>
    <subfield code="j">&#x41A;-3/30103&#x430;</subfield>
    <subfield code="p">&#x41C;&#x41E;&#x42D; 2019-&#x41D;&#x41E;-&#x41F;-47/647&#x430;</subfield>
    <subfield code="t">2</subfield>
  </datafield>
  <datafield tag="942" ind1=" " ind2=" ">
    <subfield code="c">SCORE</subfield>
  </datafield>
  <datafield tag="980" ind1=" " ind2=" ">
    <subfield code="a">NB</subfield>
  </datafield>
  <datafield tag="980" ind1=" " ind2=" ">
    <subfield code="a">ONIZ</subfield>
  </datafield>
  <datafield tag="995" ind1=" " ind2=" ">
    <subfield code="5">2020-03-02</subfield>
    <subfield code="b">NLR01</subfield>
    <subfield code="c">NLR01</subfield>
    <subfield code="e">ONIZ</subfield>
    <subfield code="k">&#x41A;-3/30103 &#x41A;-3/30103</subfield>
    <subfield code="o">0</subfield>
    <subfield code="r">SCORE</subfield>
    <subfield code="s">330103_330103</subfield>
  </datafield>
  <datafield tag="995" ind1=" " ind2=" ">
    <subfield code="5">2020-03-02</subfield>
    <subfield code="b">NLR01</subfield>
    <subfield code="c">NLR01</subfield>
    <subfield code="e">ONIZ</subfield>
    <subfield code="k">&#x41A;-3/30103&#x430; &#x41A;-3/30103&#x430;</subfield>
    <subfield code="o">0</subfield>
    <subfield code="r">SCORE</subfield>
    <subfield code="s">330103_330103</subfield>
  </datafield>
</record>
